Educación física, Libro del profesor: ESO segundo ciclo, tercero y cuarto cursos
Zapisane w:
| Główni autorzy: | , , , , |
|---|---|
| Format: | Książka |
| Język: | hiszpański |
| Wydane: |
Barcelona
Del Serbal
1997
|
| Hasła przedmiotowe: | |
| Etykiety: |
Dodaj etykietę
Nie ma etykietki, Dołącz pierwszą etykiete!
|
MARC
| LEADER | 00000nam a2200000 a 4500 | ||
|---|---|---|---|
| 001 | UCN5273 | ||
| 003 | CL-VaPUC | ||
| 008 | 010824e19970000SP |||||||||||||||||spa|d | ||
| 082 | 0 | 4 | |a 372.86 |b ARI |2 21 |
| 100 | 0 | |a Ariño Laviña, Jesús |e author |9 461383 | |
| 700 | 0 | |a Benabarre Casals, Rossend |e author |9 461384 | |
| 700 | 0 | |a Blanch Vidal, Francesc |e author |9 461385 | |
| 700 | 0 | |a Luque Rosúa, María Angeles |e author |9 461386 | |
| 700 | 0 | |a Llandres Briones, Elena |e author |9 461387 | |
| 245 | 1 | 0 | |a Educación física, Libro del profesor: ESO segundo ciclo, tercero y cuarto cursos |
| 300 | |a 159 p | ||
| 942 | |c BK | ||
| 945 | |d 20010824 00:00:00 |a cmena | ||
| 260 | |a Barcelona |b Del Serbal |c 1997 | ||
| 500 | |a Complementario con Educación Física, ESO segundo ciclo, tercero y cuarto cursos, Cuaderno de trabajo y Selección del libro del profesor | ||
| 650 | 0 | |a Educación física |9 240893 | |
| 650 | 0 | |a Educación básica |9 224933 | |
| 650 | 0 | |a Métodos de enseñanza |9 270413 | |
| 583 | |a last modification |c 20010824 00:00:00 |k Rodrigo Vera | ||
| 999 | |c 296922 |d 296920 | ||
| 952 | |0 0 |1 0 |4 0 |6 372_860000000000000_ARI_1997 |7 0 |8 A |9 351215 |a BIBEDU |b BIBEDU |d 2019-11-21 |i 3751759 |o 372.86 ARI 1997 |p 3751759 |r 2019-11-21 |w 2019-11-21 |y BK |k EFI | ||